Finish The Spongebob Quote: Mr. Krabs Edition - Statistics

General Stats
  • This quiz has been taken 52 times
  • The average score is 9 of 15
Answer Stats
Hint Answer % Correct
"Hello, I like _____!" Money
81%
"You had to ___ him. The boy cries ya a sweater of tears, and you ___ him." Kill
79%
"That penny's coming out of your _____!" Paycheck
77%
"The money is always ____!" Right
77%
"My pants are on fire! My underwear's on fire! __ ON FIRE!!" I'm
72%
"Oh, Squidward, we all came as soon as we were sure you were ___." Dead
70%
"Do ya smell it? That smell.....A kind of smelly smell.....A smelly smell that smells...smelly...._______!" Anchovies
67%
"Well these ___ aren't just for attracting mates!" Claws
67%
"Well the way I see it, there are three possibilities;One, you ____ it;Two, you ____ it;Or three....YOU _____ IT!!" Stole
67%
"Repeat after me: Yo-ho, yo-ho, near the ____ i'll never go." Hooks
60%
"Ice?! There's never been any ice! Ice is just a ___!" Myth
58%
"Am I really gonna defile this ____ for money? Well of course I am!" Grave
53%
"With ____ Mr. Squidward, with ____!" Cheese
49%
"Wait, don't ____!...Okay, okay, ____ me... just don't take me money!" Shoot
35%
"Squidward, where are you?! Shield me with your _____!" Forehead
28%
No matching quizzes found
Score Distribution
Percent of People with Each Score
Percentile by Number Answered
Your Score History
You have not taken this quiz